Apuntes e ideas sobre educación a propósito de la enseñanza secundaria / por R. Monner Sans
Descripción Física:
227 p. ; 24 cm
Materias:
Ensenyament secundari
MARC
| LEADER | 00000nam a2200000Ia 4500 | ||
|---|---|---|---|
| 001 | 1475 | ||
| 008 | 160829s1896 xx 000 0 cat d | ||
| 080 | |a E-1-210 | ||
| 100 | |a Monner Sans, Ricardo |9 42521 | ||
| 245 | |a Apuntes e ideas sobre educación a propósito de la enseñanza secundaria / por R. Monner Sans | ||
| 260 | |a Buenos Aires : |b Felix Lajouane, |c 1896 | ||
| 300 | |a 227 p. ; |c 24 cm | ||
| 590 | |a Prové de 1950, exp. 3 | ||
| 650 | |a Ensenyament secundari |9 21878 | ||
| 901 | |a Arxiu | ||
| 942 | |n 1 | ||
| 952 | |0 0 |1 0 |4 0 |6 E1210 |7 1 |9 53367 |a Arxiu |b Arxiu |d 2016-12-01 |l 0 |o E-1-210 |p 1475 |r 2016-12-01 00:00:00 |w 2016-12-01 |y ARXIU | ||
| 999 | |c 57232 |d 57232 | ||